000 01100nam0a2200337 4500
001 RU\NLR\bibl\1465613
005 20260406063803.0
010 _a978-5-17-062619-9
_bАСТ
010 _a978-5-271-25680-6
_bАстрель
_95000
021 _aRU
_b2009-98906
_96284
035 _a(nilc)RSL-KNO-004479154
035 _a(NLR Aleph) 001457345
090 _a1561169
_c1561169
100 _a20091210d2009 |||y0rusy50 ca
101 1 _arus
_ceng
102 _aRU
105 _ay zzzz|||||
200 1 _aНовый страх
_e[перевод с английского]
_fР. Л. Стайн
210 _aМосква
_cАстрель
_cАСТ
_d2009
215 _a126, [2] с.
_d20
225 1 _aУжастики
686 _aШ9(2)72(7США)
_2rubbk
686 _aШ9(7США)62-4
700 1 _4070
_7ca
_8rus
_aСтайн
_bР. Л.
_f1943 -
_gРоберт Лоуренс
_3RU\NLR\auth\7723279
_96333
801 0 _aRU
_bRuMoRGB
_c20091210
_grcr
801 1 _aRU
_bRuMoRGB
_c20091210
801 2 _aRU
_bNLR
_c20100128
_grcr
942 _cBOOK
980 _aNB